000 00292nam a22001337a 4500
008 170905b xxu||||| |||| 00| 0 eng d
020 _a0138295077
041 _aeng
080 _25 ed
_a070
100 _a40
101 _amed
245 _aSPEECH CORECTION
_cRIPER.CH.V
942 _2udc
_cBK
999 _c26138
_d26138